<?xml version="1.0" encoding="UTF-8"?>
<collection xmlns="http://www.loc.gov/MARC21/slim">
 <record>
  <leader>     na                 </leader>
  <controlfield tag="001">INLIS000000000002854</controlfield>
  <controlfield tag="005">20221112085649</controlfield>
  <datafield tag="035" ind1=" " ind2=" ">
   <subfield code="a">0010-0520002854</subfield>
  </datafield>
  <controlfield tag="008">221112                |          | eng  </controlfield>
  <datafield tag="020" ind1=" " ind2=" ">
   <subfield code="a">0-8493-9075-3</subfield>
  </datafield>
  <datafield tag="041" ind1=" " ind2=" ">
   <subfield code="a">eng</subfield>
  </datafield>
  <datafield tag="082" ind1=" " ind2=" ">
   <subfield code="a">614.1</subfield>
  </datafield>
  <datafield tag="084" ind1=" " ind2=" ">
   <subfield code="a">614.1 FOR</subfield>
  </datafield>
  <datafield tag="100" ind1="0" ind2=" ">
   <subfield code="a">Forensic Evaluation of Traumatic Brain Injury : A Handbook for Clinicians and Attorneys</subfield>
  </datafield>
  <datafield tag="700" ind1="0" ind2=" ">
   <subfield code="a">Edited by Gregory J. Murrey and Donald Starzinski</subfield>
  </datafield>
  <datafield tag="245" ind1="1" ind2="4">
   <subfield code="a">Forensic Evaluation of Traumatic Brain Injury :</subfield>
   <subfield code="b">A Handbook for Clinicians and Attorneys /</subfield>
   <subfield code="c">Edited by Gregory J. Murrey and Donald Starzinski</subfield>
  </datafield>
  <datafield tag="250" ind1=" " ind2=" ">
   <subfield code="a">2nd Ed.</subfield>
  </datafield>
  <datafield tag="260" ind1=" " ind2=" ">
   <subfield code="a">Boca Raton :</subfield>
   <subfield code="b">CRC Press,</subfield>
   <subfield code="c">2008</subfield>
  </datafield>
  <datafield tag="300" ind1=" " ind2=" ">
   <subfield code="a">xii, 175 p. :</subfield>
   <subfield code="b">: illus. ;</subfield>
   <subfield code="c">24 cm.</subfield>
  </datafield>
  <datafield tag="500" ind1=" " ind2=" ">
   <subfield code="a">Indeks : p.169-175</subfield>
  </datafield>
  <datafield tag="520" ind1=" " ind2=" ">
   <subfield code="a">This book provides a concise, general overview of the forensic assessment process and the issues surrounding traumatic brain injury (TBI). It identifies key topics involved in forensic assessment, definitions and select medical diagnostic terminology, and reviews the neurologic, neuropsychiatric, neuropsychological, and psychological assessment processes specific to brain injury cases. It contents: A new chapter on neuropsychiatric evaluation, Delineates the distinct differences between the forensic neurological and neuropsychiatric assessment, acknowledging the overlaps and defining the separate focus of each discipline, Covers the qualifications and credibility of the forensic expert and the admissibility of forensic testimony In TBI cases, Highlights the most recent court rulings and possible modifications to the admissibility of forensic testimony, Outlines crucial information on neuropsychological rehabilitation issues including treatments, services, and facilities that may have bearing on the outcome of a traumatic brain injury case, Offers clinically useful and practical tables, model assessment outlines, and reference pages.</subfield>
  </datafield>
  <datafield tag="650" ind1=" " ind2="4">
   <subfield code="a">Brain damage - Diagnosis</subfield>
  </datafield>
  <datafield tag="650" ind1=" " ind2="4">
   <subfield code="a">Forensic Psychology</subfield>
  </datafield>
  <datafield tag="650" ind1=" " ind2="4">
   <subfield code="a">Forensic neuropsychology</subfield>
  </datafield>
  <datafield tag="990" ind1=" " ind2=" ">
   <subfield code="a">10532/MKRI-P/XI-2008</subfield>
  </datafield>
  <datafield tag="990" ind1=" " ind2=" ">
   <subfield code="a">10533/MKRI-P/XI-2008</subfield>
  </datafield>
  <datafield tag="990" ind1=" " ind2=" ">
   <subfield code="a">10532/MKRI-P/XI-2008</subfield>
  </datafield>
  <datafield tag="990" ind1=" " ind2=" ">
   <subfield code="a">10533/MKRI-P/XI-2008</subfield>
  </datafield>
  <datafield tag="990" ind1=" " ind2=" ">
   <subfield code="a">10533/MKRI-P/XI-2008</subfield>
  </datafield>
  <datafield tag="990" ind1=" " ind2=" ">
   <subfield code="a">10532/MKRI-P/XI-2008</subfield>
  </datafield>
 </record>
</collection>
